[Event "I Memorial Antonio Rocha"]
[Site "Campinas, BRA"]
[Date "2011.01.14"]
[Round "2"]
[White "Vescovi, Giovanni"]
[Black "Zambrana, Oswaldo"]
[Result "1/2-1/2"]
[WhiteElo "2631"]
[BlackElo "2513"]

1. d4 d5 2. c4 c6 3. Nf3 Nf6 4. e3 e6 5. Nc3 Nbd7 6. Qc2 Bd6 7. Bd3 dxc4 8.
Bxc4 O-O 9. O-O a6 10. Bd2 b5 11. Be2 Bb7 12. e4 e5 13. dxe5 Nxe5 14. Nxe5
Bxe5 15. f4 Bd4+ 16. Kh1 c5 17. Bf3 Re8 18. e5 Bxf3 19. Rxf3 Ng4 20. Ne4 f5 21.
Nd6 Qh4 22. h3 Nf2+ 23. Kg1 Ng4+ 24. Kh1 Nf2+ 1/2-1/2